Statistics for Capital Cities of South America

Click here to take the quiz!

General Stats

  • This quiz has been taken 1,077 times
  • The average score is 8 of 12

Answer Stats

CountryCapital% Correct
BrazilBrasilia
94%
ArgentinaBuenos Aires
87%
PeruLima
83%
ChileSantiago
77%
ColombiaBogota
70%
BoliviaLa Paz/ Sucre
67%
UruguayMontevideo
67%
VenezuelaCaracas
63%
EcuadorQuito
62%
GuyanaGeorgetown
53%
ParaguayAsuncion
51%
SurinameParamaribo
42%

Score Distribution

Percentile by Number Answered

Percent of People with Each Score

Your Score History

You have not taken this quiz